000 01073nas a2200337 4500
001 BR2022000077
003 BR-BrBNA
005 20231205132208.0
007 ta
008 230509b bl.|||p| |||| 00| 00por d
040 _aBR-BrBNA
_bpor
_cBiblioteca Nacional de Agricultura
041 _a(En)
072 _aE16
100 1 _aCastro, A.F.N.M
100 1 _aCastro, R.V.O.
100 1 _aAtaíde, G. da M.
100 1 _aSantos, R.C. dos
100 1 _aCosta, L.S. da
100 1 _aVieira, R. da S.
245 1 _aThe economic analysis of wood and charcoal production by Eucalyptus reflorestation in northwestern Minas Gerais
650 _aEUCALIPTO
650 _aMADEIRA
650 _aCARVÃO VEGETAL
650 _aINVESTIMENTO
650 _aINDÚSTRIA FLORESTAL
650 _aECONOMIA FLORESTAL
773 0 _tRevista Árvore (Brazil)
_xISSN 1806-9088
_g(2019), v. 43(1) p. 1-8
_wBR2022000077
856 4 0 _uhttps://www.scielo.br/j/rarv/a/Ww9Mp6nsXFZRHX7kgHXLnxj/?format=pdf lang=en
909 _a202311
_bLúcia
_c55
_dLúcia Elande
942 _2AGRIS
_n0
_cANA
999 _c259006
_d259006